100 Biggest Cities Hidden on the Map - Statistics

General Stats
  • This quiz has been taken 2,239 times
  • The average score is 73 of 100
Answers on the Map
Answers color-coded by a green-red scale on the quiz's map according to % correct below.
 
Answer Stats
Population Urban Area % Correct
14.4 mil London
97%
17.6 mil Los Angeles
97%
16.9 mil Moscow
97%
22.0 mil New York City
97%
6.25 mil Madrid
96%
11.2 mil Paris
96%
39.5 mil Tokyo
96%
16.8 mil Cairo
95%
26.4 mil Delhi
95%
22.1 mil Mexico City
95%
12.7 mil Rio de Janeiro
95%
21.1 mil Beijing
94%
4.50 mil Berlin
94%
4.90 mil Sydney
94%
15.8 mil Buenos Aires
93%
14.3 mil Istanbul
93%
9.80 mil Chicago
92%
28.1 mil Jakarta
92%
23.2 mil Mumbai
92%
21.8 mil São Paulo
92%
9.95 mil Lima
91%
30.9 mil Shanghai
91%
16.9 mil Bangkok
90%
9.35 mil Bogotá
90%
13.7 mil Tehran
90%
7.10 mil Toronto
90%
13.4 mil Johannesburg
89%
6.10 mil Miami
89%
5.45 mil Saint Petersburg
89%
17.1 mil Lagos
88%
23.3 mil Manila
88%
7.05 mil Santiago
88%
24.4 mil Seoul
88%
6.20 mil Houston
86%
7.60 mil San Francisco
86%
6.55 mil Dallas
85%
4.40 mil Melbourne
85%
17.8 mil Osaka
84%
6.85 mil Baghdad
83%
47.7 mil Guangzhou
83%
10.6 mil Kinshasa
83%
16.0 mil Kolkata
83%
6.70 mil Riyadh
83%
8.25 mil Ho Chi Minh City
82%
24.3 mil Karachi
81%
7.35 mil Boston
80%
5.15 mil Milan
80%
8.35 mil Washington, DC
80%
7.00 mil Kuala Lumpur
79%
5.20 mil Nairobi
79%
6.90 mil Singapore
79%
4.65 mil Barcelona
78%
17.6 mil Dhaka
77%
7.25 mil Hong Kong
77%
5.50 mil Atlanta
76%
4.68 mil Ankara
75%
7.30 mil Philadelphia
73%
9.05 mil Taipei
73%
10.0 mil Chennai
72%
5.55 mil Khartoum
72%
10.2 mil Lahore
72%
8.00 mil Wuhan
72%
6.65 mil Xi'an
71%
5.15 mil Alexandria
69%
10.5 mil Bangalore
69%
5.30 mil Dar es Salaam
69%
9.00 mil Hyderabad
68%
6.80 mil Luanda
68%
4.98 mil Guadalajara
67%
4.33 mil Phoenix
62%
4.58 mil Accra
61%
9.60 mil Chengdu
61%
5.70 mil Detroit
61%
10.4 mil Nagoya
60%
11.4 mil Tianjin
60%
7.45 mil Ahmedabad
59%
4.65 mil Monterrey
58%
4.93 mil Belo Horizonte
57%
10.0 mil Xiamen
57%
5.15 mil Yangon
57%
7.05 mil Chongqing
55%
5.05 mil Abidjan
51%
6.85 mil Nanjing
51%
4.70 mil Surabaya
49%
6.10 mil Pune
48%
4.68 mil Colombo
46%
8.30 mil Hangzhou
46%
5.15 mil Harbin
46%
5.95 mil Bandung
42%
4.53 mil Chittagong
39%
5.70 mil Qingdao
38%
5.70 mil Surat
37%
4.85 mil Cologne / Düsseldorf
35%
7.65 mil Shenyang
35%
4.50 mil Dalian
33%
4.45 mil Changsha
32%
4.68 mil Zhengzhou
29%
4.55 mil Hefei
27%
7.95 mil Shantou
25%
5.90 mil Wenzhou
21%
No matching quizzes found
Score Distribution
Percent of People with Each Score
Percentile by Number Answered
Your Score History
You have not taken this quiz